000 00746nam a2200253Ia 4500
003 OSt
005 20221005055855.0
006 a|||||r|||| 00| 0
007 ta
008 221004b |||||||| |||| 00| 0 eng d
020 _a9780143114253 (pbk)
_c734.46
024 _a105684
037 _b31237, 15/02/2011, Segment Book Distributors
_cTextual
040 _aCRL
_cCRL
_beng
041 _2eng
_aeng
082 _aY:492.6, P7
100 _aRediker Marcus
245 0 _aSlave ship
_b Human history
260 _aLondon
_bPenguin Books UK
_c2007
300 _a434p.
_ccm.
650 _aSOCIOLOGY
942 _hY:492.6, P7
_cTEXL
_2cc
999 _c965828
_d965828